Govt. of
Madhya Pradesh

वस्‍तुनिष्‍ठ सामान्‍य ज्ञान अघ्‍यायवार 6250 प्रश्‍नों का अदितीय संग्रह (Record no. 65129)

MARC details
000 -LEADER
fixed length control field 00511nam a2200109Ia 4500
008 - FIXED-LENGTH DATA ELEMENTS--GENERAL INFORMATION
fixed length control field 221009s9999 xx 000 0 und d
082 ## - DEWEY DECIMAL CLASSIFICATION NUMBER
Classification number 001
100 ## - MAIN ENTRY--PERSONAL NAME
Personal name मनोहर पाण्‍डे
9 (RLIN) 17272
245 #0 - TITLE STATEMENT
Title वस्‍तुनिष्‍ठ सामान्‍य ज्ञान अघ्‍यायवार 6250 प्रश्‍नों का अदितीय संग्रह
260 ## - PUBLICATION, DISTRIBUTION, ETC. (IMPRINT)
Name of publisher, distributor, etc. अरिहन्‍त पब्लिकेशन्‍स लिमिटेड
942 ## - ADDED ENTRY ELEMENTS (KOHA)
Koha item type Books

No items available.